<?xml version="1.0" encoding="UTF-8"?>
<collection xmlns="http://www.loc.gov/MARC21/slim">
 <record>
  <leader>00994pam a22002418a 4500</leader>
  <controlfield tag="001">00041864</controlfield>
  <controlfield tag="008">111219s2001                  ||||||Engsd</controlfield>
  <controlfield tag="005">20180808150835.0</controlfield>
  <datafield tag="020" ind1="#" ind2="#">
   <subfield code="a">9783990458242</subfield>
  </datafield>
  <datafield tag="041" ind1="0" ind2="#">
   <subfield code="a">Eng</subfield>
  </datafield>
  <datafield tag="082" ind1="1" ind2="4">
   <subfield code="a">428</subfield>
   <subfield code="b">A104J</subfield>
  </datafield>
  <datafield tag="100" ind1="1" ind2="#">
   <subfield code="a">Revell, Jane</subfield>
  </datafield>
  <datafield tag="245" ind1="1" ind2="0">
   <subfield code="c">Jane Revell, Mary Tomalin</subfield>
   <subfield code="a">American Jetstream</subfield>
   <subfield code="p">Student's book &amp; Workbook</subfield>
   <subfield code="n">Pre-intermediate A</subfield>
  </datafield>
  <datafield tag="260" ind1="#" ind2="#">
   <subfield code="a">London</subfield>
   <subfield code="b">Helbling languages</subfield>
   <subfield code="c">2016</subfield>
  </datafield>
  <datafield tag="300" ind1="#" ind2="#">
   <subfield code="a">87; 43 p.</subfield>
   <subfield code="b">ill.</subfield>
   <subfield code="c">30 cm.</subfield>
   <subfield code="e">1 CD</subfield>
  </datafield>
  <datafield tag="653" ind1="#" ind2="#">
   <subfield code="a">Ngôn ngữ</subfield>
  </datafield>
  <datafield tag="653" ind1="#" ind2="#">
   <subfield code="a">Sách học sinh</subfield>
  </datafield>
  <datafield tag="653" ind1="#" ind2="#">
   <subfield code="a">Tiếng Anh</subfield>
  </datafield>
  <datafield tag="653" ind1="#" ind2="#">
   <subfield code="a">Tự học</subfield>
  </datafield>
  <datafield tag="700" ind1="1" ind2="#">
   <subfield code="a">Tomalin, Mary</subfield>
  </datafield>
  <datafield tag="852" ind1="#" ind2="#">
   <subfield code="j">KGT.0053622</subfield>
   <subfield code="j">KGT.0053700</subfield>
   <subfield code="j">KGT.0053629</subfield>
   <subfield code="j">KGT.0053701</subfield>
   <subfield code="j">KGT.0053620</subfield>
   <subfield code="j">KD.0024639</subfield>
   <subfield code="j">KGT.0053621</subfield>
   <subfield code="j">KD.0024638</subfield>
   <subfield code="j">KGT.0053619</subfield>
   <subfield code="j">KGT.0053624</subfield>
   <subfield code="j">KD.0024631</subfield>
   <subfield code="j">KD.0024637</subfield>
   <subfield code="j">KGT.0053618</subfield>
   <subfield code="j">KGT.0053625</subfield>
   <subfield code="j">KGT.0053626</subfield>
   <subfield code="j">KD.0024636</subfield>
   <subfield code="j">KGT.0053627</subfield>
   <subfield code="j">KGT.0053623</subfield>
   <subfield code="j">KGT.0053628</subfield>
   <subfield code="j">KGT.0053617</subfield>
  </datafield>
  <datafield tag="910" ind1=" " ind2=" ">
   <subfield code="d">08/08/2018</subfield>
  </datafield>
  <datafield tag="980" ind1="#" ind2="#">
   <subfield code="a">Trung tâm Học liệu Lê Vũ Hùng, Trường Đại học Đồng Tháp</subfield>
  </datafield>
 </record>
</collection>
